A History of Christian spirituality (Record no. 11006)

MARC details
000 -LEADER
fixed length control field 01372cam a2200337 4500
001 - CONTROL NUMBER
control field 4093744
003 - CONTROL NUMBER IDENTIFIER
control field GBCCL
005 - DATE AND TIME OF LATEST TRANSACTION
control field 20251110144021.0
008 - FIXED-LENGTH DATA ELEMENTS--GENERAL INFORMATION
fixed length control field 700714m19009999enk b 001 0 eng
020 ## - INTERNATIONAL STANDARD BOOK NUMBER
International Standard Book Number 0860121135
020 ## - INTERNATIONAL STANDARD BOOK NUMBER
International Standard Book Number 0860121143
020 ## - INTERNATIONAL STANDARD BOOK NUMBER
International Standard Book Number 0860121151
035 ## - SYSTEM CONTROL NUMBER
System control number 4093744
040 ## - CATALOGING SOURCE
Original cataloging agency DLC
Transcribing agency DLC
Modifying agency DLC
082 00 - DEWEY DECIMAL CLASSIFICATION NUMBER
Classification number 248
Item number BOU 1
245 12 - TITLE STATEMENT
Title A History of Christian spirituality
Statement of responsibility, etc. [by] Louis Bouyer [and others. Translated from the French by Barbara Wall].
260 ## - PUBLICATION, DISTRIBUTION, ETC.
Place of publication, distribution, etc. London,
Name of publisher, distributor, etc. Burns & Oates,
Date of publication, distribution, etc. <1968-1969 >
300 ## - PHYSICAL DESCRIPTION
Extent 3 volumes ;
Dimensions 23 cm.
336 ## - CONTENT TYPE
Content type term text
Content type code txt
Source rdacontent
337 ## - MEDIA TYPE
Media type term unmediated
Media type code n
Source rdamedia
338 ## - CARRIER TYPE
Carrier type term volume
Carrier type code nc
Source rdacarrier
490 ## - SERIES STATEMENT
Materials specified Spiritual life Christianity History of doctrines
500 ## - GENERAL NOTE
General note Translation of Histoire de la spiritualité chrétienne.
504 ## - BIBLIOGRAPHY, ETC. NOTE
Bibliography, etc. note Bibliographical footnotes.
505 1# - FORMATTED CONTENTS NOTE
Formatted contents note --1. The spirituality of the New Testament and the Fathers /translated by Mary P. Ryan.--v. 2. The spirituality of the Middle Ages, by J. Leclercq, F. Vanderbroucke, and L. Bouyer.--3. Orthodox spirituality and Protestant and Anglican spirituality.
650 #0 - SUBJECT ADDED ENTRY--TOPICAL TERM
Topical term or geographic name entry element Spirituality
General subdivision History.
700 1# - ADDED ENTRY--PERSONAL NAME
Personal name Bouyer, Louis,
Dates associated with a name 1913-2004.
906 ## - LOCAL DATA ELEMENT F, LDF (RLIN)
a 7
b cbc
c orignew
d 4
e ncip
f 19
g y-gencatlg
942 ## - ADDED ENTRY ELEMENTS (KOHA)
Source of classification or shelving scheme Dewey Decimal Classification
Koha item type Books
Suppress in OPAC No
Holdings
Withdrawn status Lost status Source of classification or shelving scheme Damaged status Not for loan Home library Current Library Shelving location Date acquired Total checkouts Full call number Barcode Date last seen Copy number Price effective from Koha item type
    Dewey Decimal Classification     GRACE BIBLE COLLEGE GRACE BIBLE COLLEGE Ministry & Mission 2025-11-10   248 BOU 017268 2025-11-10 v.1 2025-11-10 Books
© Grace Bible College Library 2025